000 01077cad a22002055a 4500
001 L155137
008 120306u2012 xxk g 000 0 eng d
035 _a(Sirsi) u155137
041 0 _aeng
110 2 _aUnited Kingdom
_bCabinet Office
_95270
245 0 0 _aGovernment construction strategy
_binterim report of the procurement/lean client task group
_bJanuary 2012
_h[electronic resource]
520 _aThis report is intended to illustrate the work carried out to date by the Procurement/Lean Client Process Task Group, confirming the current direction of travel and next steps to be implemented over the coming months; RICS involvement.
590 _aKA NTK
651 4 _aUnited Kingdom
_y
690 _aConstruction management
_96230
690 _aCost management
_96233
690 _aProcurement
_96260
856 4 0 _uhttps://webarchive.nationalarchives.gov.uk/20130128101412/http://www.cabinetoffice.gov.uk/sites/default/files/resources/Procurement%20Lean%20Client%20Group%20Report%20Jan%202012_0.pdf
_zView the interim report free of charge at www.gov.uk
942 _n0
999 _c120963
_d120963